Diagnostic parasitology for veterinary technicians / (Record no. 2401)

MARC details
000 -LEADER
fixed length control field 01047cam a2200229 i 4500
008 - FIXED-LENGTH DATA ELEMENTS--GENERAL INFORMATION
fixed length control field 160713s2017 moua 001 0 eng
020 ## - INTERNATIONAL STANDARD BOOK NUMBER
ISBN 9780323389822 (pbk. : alk. paper)
100 1# - MAIN ENTRY--AUTHOR
Author Hendrix, Charles M.
245 10 - TITLE STATEMENT
Title Diagnostic parasitology for veterinary technicians /
Statement of responsibility, etc Charles M. Hendrix, DVM, PhD, Professor, Department of Pathbiology, College of Veterinary Medicine, Auburn University, Alabama, Ed Robinson, CVT, Shakespeare Veterinary Hospital, Veterinary Technology Program Instructor, Penn Foster Career Schools, Member of the American Heartworm Society, Fairfield, Connecticut.
250 ## - EDITION STATEMENT
Edition statement Fifth edition.
260 ## - PUBLICATION, DISTRIBUTION, ETC. (IMPRINT)
Place of publication Missouri
Name of publisher Elsevier Ltd
Date of publication 2017
300 ## - COLLATION
Pagination xliv, 384 pages :
Other physical details color illustrations ;
500 ## - GENERAL NOTE
General note Includes indexes.
650 #0 - TRACINGS
Main Subject Veterinary clinical parasitology.
650 12 - TRACINGS
Main Subject Parasitic Diseases, Animal
650 22 - TRACINGS
Main Subject Animals, Domestic
Subdivision (2nd) parasitology
650 22 - TRACINGS
Main Subject Animals, Laboratory
Subdivision (2nd) parasitology
700 1# - ADDITIONAL AUTHOR
Additional Author Robinson, Ed,
942 ## - ADDED ENTRY ELEMENTS (KOHA)
Item type Books
050 00 - LIBRARY OF CONGRESS CALL NUMBER
Classification number SF810.A3
Item number H46 2017
082 00 - DEWEY DECIMAL CLASSIFICATION NUMBER
Classification number 636.089/696
Holdings
Source of classification or shelving scheme Not for loan Permanent location Current location Date acquired Accession No. Full call number Barcode. Koha item type
Library of Congress Classification   Samuel Ogbemudia Main Library, University of Abuja Samuel Ogbemudia Main Library, University of Abuja 03/18/2025 2024/64152 SF810.A3.H46 2025-0667 Books